000
00272nam a22001217a 4500
008
170126b xxu||||| |||| 00| 0 eng d
041
_a
eng
080
_a
61
100
_a
3
101
_a
SHM
245
_a
TELEMEDICINE/ THEORY AND PRACTICE
_c
BASHSHUR, E.L
942
_2
udc
_c
BK
999
_c
3822
_d
3822